00545nam a2200145Ia 4500008004100000020001800041082001500059100008200074245005300156260004700209300001100256942000700267999001900274952010600293191014s9999 xx 000 0 und d a981-02-4031-7 a539.7bAMB aJan Ambjorn, Poul Henrik Damgaard, Kimmo Kainulainen, Kari Rummukainen920556 0aProceedings of Strongs and Electroweak Matter 98 aSingaporebWorld Scientific Company c1999 aXi,412 cBK c531148d531148 00104070aSNSbSNSd2019-10-15eDonationg0.00l0o539.7AMBpSNS0002925r2023-01-11w2019-10-15yBK